000 00701nam a2200205 i 4500
001 58525
003 ES-MaACL
005 20250721062607.0
007 t|
008 031022s1947 be ||||1| fre d
100 1 _aDykmans, G.
_946416
245 1 0 _aIntroduction critique á la science economique /
_cG. Dykmans.
260 _aBruxelles :
_bLes editions comptables, commerciales et financières,
_c1947 (
_fCasterman)
300 _a2 v. ;
_c25 cm.
490 1 _aBibliothèque générale des sciences économiques
650 0 7 _aEconomía
_2embne
_912006
830 0 _aBibliothèque générale des sciences économiques
_9182647
852 _aES-MaACL
_jE-3291-92
_bR.24443
999 _c58525
_d58525